01001nam a22002177a 4500001000400000003000600004005001700010008004100027020001800068040002900086050001600115082001000131100002000141245007400161260003200235300001800267505000600285520045600291521001800747521001800765277FISKH20230314093103.0230314b cb ||||| |||| 00| 0 eng d a9781906230517 aFISKHbengcFISKHdFISKH aPR4494.M62  a823.8 aCollins, Wilkie aThe moonstone /bRetold by Tony Evans /cIllustrated by Felix Bennett aSingaporebRead Readsc2011 a64 p.c20 cm. aQ aWhen Rachel Verinder inherits the Moonstone from her uncle on her eighteenth birthday, the wonderful jewel is intended to make her rich and happy. So why is her mother so worried about this valuable gift? Rachel seems very fond of her cousin, Franklin Blake. When trouble strikes, why does she refuse his help? What has he done to offend her? Can Sergeant Cuff, the famous detective, solve the dangerous mystery of the Moonstone before it is too late?8 a880 bLexile8 aQ bRaz-Plus